| Virtuální polytechnická knihovna - Souborný katalog - Úplný záznam dokumentu - MARC |
Uživatel: --- |
-----nas 22-----zu 4500
001 SKVPK0031900
003 CZ-VPK
005 20260424092515.0
008 260424u1985uuuu||||| | ||| || |||||||
022 $a0815-0249
040 $aABA013$bcze
222 0$aNuclear spectrum
245 00$aNuclear spectrum
260 $aAustralie :$bSutherland : Australian Atomic Energy Commission,$c1985-
650 07$afyzika$xfy$2psh
650 07$avěda a technika$xve$2psh
780 00$tAtomic energy in Australia$x0004-7090
910 $aABA013$r1985-1988
| čtvrtek 14.05.2026 00:04:06 |
© 2001-2015 Národní technická knihovna |
[Virtuální polytechnická knihovna]
[Servisní centrum]
[Souborný katalog]